• 首页
  • 本馆介绍
  • 公告通知
  • 最新文献
  • 馆藏检索
  • 电子资源
  • 读者导购
  • 参考咨询
  • 我的图书馆
  • 登录
  • 详细信息显示
  • 放入我的书架
  • 预约/预借图书
  • 作者相关作品
  • 分类相关作品
  • 丛书相关作品
  • 出版社相关作品

书目信息

  • 表格格式
  • 工作单格式
  • 卡片格式
题名:
档案工作基本知识
    
 
作者: 和宝荣 , 陈兆吴 编著
分册:  
出版信息: 北京   档案出版社  1982
页数: 148页
开本: 21cm
丛书名:
单 册:
中图分类: G27
科图分类:
主题词: 档案工作--基本知识
电子资源:
ISBN:
000 00657nam0 2200241 45
001 0182003152
005 20070923104027.39
010    @dCNY0.50
091    @aCN@b7283.002
100    @a19950612d1982 em y0chiy0121 ea
101 0  @achi
102    @aCN@b110000
105    @ay z 000yy
200 10 @a档案工作基本知识@Adang an gong zuo ji ben zhi shi@f和宝荣,陈兆吴编著
210    @a北京@c档案出版社@d1982
215    @a148页@d21cm
606    @a档案工作@x基本知识
690    @aG27@v3
701  0 @a和宝荣@Ahe bao rong@4编著
701  0 @a陈兆吴@Achen zhao wu@4编著
801  0 @aCN@bTSSF@c20070923
801  2 @aCN@bNLC@c20060809
905    @a10447@dG27@e40
    
    档案工作基本知识/和宝荣,陈兆吴编著.-北京:档案出版社,1982
    148页;21cm
    
    
    ISBN :CNY0.50
    
●
相关链接 在E读中查询图书 在五车中查询图书 在当当中查询图书 在豆瓣中查询图书


正题名:档案工作基本知识     索取号:G27/40         预约/预借

序号 登录号 条形码 馆藏地/架位号 状态 备注
1 0449995   204499952   密集书库/ [索取号:G27/40] 在馆    
2 0624557   206245570   密集书库/ [索取号:G27/40] 在馆    
唐山师范学院图书馆 欢迎您!
大连网信软件有限公司© 版权所有